| 000 | 00836nam a2200289Ia 4500 | ||
|---|---|---|---|
| 001 | Para_2175 | ||
| 003 | CHAP | ||
| 008 | 220125s1998 xx 000 0 und d | ||
| 010 | _a198760 | ||
| 040 | _cCHAP | ||
| 082 | _aPA 633.5 L8 | ||
| 100 |
_aLuna Hernandez, Gregorio _969063 |
||
| 245 |
_aHacia un manejo integrado de plagas : _b Fundamentos y recomendaciones prácticas : _b Agave tequilana / _c por Gregorio Luna Hernández |
||
| 250 | _a1 | ||
| 260 |
_aGuadalajara, Jal. : _b Cheminova |
||
| 300 | _a184 p. | ||
| 650 |
_aAgave _x enfermedades _91075 |
||
| 650 |
_aAgave _x plagas _91086 |
||
| 650 |
_aAgave tequilana _91107 |
||
| 901 | _aPA 633.5 L8 | ||
| 902 | _aM | ||
| 905 | _a0000001998 a 0000000000 00 | ||
| 910 | _a1998 | ||
| 942 | _cPARA | ||
| 942 |
_cPARA _d1 |
||
| 999 |
_c198760 _d198760 |
||